000 02063cam a2200637 i 4500
003 PE-LiUPU
005 20250731170427.0
008 190306s2011 ag a rb 000 0 spa d
020 _a9789879493731
020 _a9879493737
035 _a(Sirsi) i9789879493731
035 _a(OCoLC)1010526655
_z(OCoLC)929354745
040 _aPRUAPE-LiUPU
_bspa
_cPE-LiUPU
_erda
049 _aPRUA
082 0 4 _a155.4
_bM93
_220
100 1 _aMüller, María Beatriz,
_eautor.
245 1 4 _aLos dibujos en el abuso sexual infantil /
_cMaría Beatriz Müller, María Cecilia López.
264 1 _aBuenos Aires :
_bEditorial Maipue,
_c2011.
300 _a248 pagínas :
_bilustraciones ;
_c25 centímetros
336 _atext
_2rdacontent
337 _aunmediated
_2rdamedia
338 _avolume
_2rdacarrier
505 0 _aConsideraciones teorícas -- Análisis de los dibujos.
504 _aBibliografía: páginas 247-248.
526 _aSEG68
526 _aSEG70
526 _aSEG69
526 _aSEG67
526 _aSEG43
526 _aP144
526 _aP143
526 _aP131
526 _aP122
526 _aP120
526 _aP117
526 _aP112
526 _aP110
526 _aP106
526 _aP101
526 _aP80
526 _aP59
526 _aP54
526 _aP35
526 _aP33
526 _aP30
541 _gF002-00000792;
650 4 _aAbuso sexual infantil.
650 4 _aPsicología infantil.
700 1 _aLópez, María Cecilia,
_eautor.
910 _adbm
_bjpc
_cjpc
_d20190306
942 _2ddc
_cBOOK
949 _a155.4 M93
_wDEWEY
_c1
_i79888
_lCATALOGING
_mBUL
_p
_34.00
_r0
_sY
_tBOOK
_u2019-03-06
_xSALUD
_zP33
_0COMPRA
_o.STAFF. Colección Ciencias de la Salud
994 _aC0
_bPEPRU
596 _a1
999 _a155.4 M93
_wDEWEY
_c31185
_i79888
_d31185
_e2019-10-14
_f2021-11-3
_g3
_lCCODEBUL1
_mBUL
_n3
_q1
_r0
_sY
_tBOOK
_u2019-3-6
_xSALUD
_zP33
_0COMPRA
_1FCOMPR2
_o.STAFF. Colección Ciencias de la Salud
980 _81
_gALBERTO SANCHEZ Responsable de Automatización